Statistiques concernant Vrai ou Faux - Politicien #1: Marine Le Pen

Cliquez ici pour prendre le quiz!

Statistiques générales

  • Ce quiz a été pris 223 fois
  • Le résultat moyen est 10 sur 15

Statistiques - réponses

QuestionRéponse% Correct
Elle a fait un effort pour éloigner le parti de son passé ouvertement néofasciste et antisémite en changeant le nom du parti en Rassemblement National.Vrai
92%
Elle a été brièvement emprisonnée après avoir incité à la haine contre les communautés islamiques.Faux
86%
Elle soutient l'adhésion de l'Ukraine à l'UE.Faux
83%
Elle était membre du Barreau de Paris.Vrai
83%
Marine le Pen a viré son propre père du Rassemblement National, le parti politique qu'il a dirigé pendant des décennies!Vrai
79%
Soutient l'OTAN et veut qu'elle devienne plus puissante.Faux
78%
Elle soutient les sanctions économiques contre la Russie et tolère le sentiment anti-russe en France.Faux
74%
Elle a expulsé des membres controversés du FN accusés de racisme, d'antisémitisme ou de pétainismeVrai
71%
Favorise le libre-échange au protectionnisme.Faux
70%
Elle a tenté de se faire une candidate politique attrayante pour la gauche.Vrai
61%
Elle a comparé l'utilisation des lieux publics pour les prières musulmanes avec l'occupation nazie de la France.Vrai
61%
Elle s'oppose au mariage homosexuel.Faux
54%
Elle veut la privatisation des services publics.Faux
52%
Elle a affirmé que son parti était le parti d'opposition officiel à LREM et a remporté la deuxième majorité des sièges en 2017.Faux
49%
Soutient la réforme de l'UE.Vrai
41%

Distribution des résultats

Percentile par nombre de réponses

% des personnes avec chaque résultat

Votre développement - résultats

Vous n’avez pas pris ce quiz